Every Song by Cinderella - Statistics

General Stats
  • This quiz has been taken 37 times
  • The average score is 19 of 44
Answer Stats
Album Song % Correct
Night Songs(1986) Night Songs
100%
Heartbreak Station(1990) Heartbreak Station
96%
Long Cold Winter(1988) Long Cold Winter
96%
Long Cold Winter(1988) Don't Know What You Got (Till It's Gone)
85%
Heartbreak Station(1990) Shelter Me
85%
Night Songs(1986) Shake Me
77%
Long Cold Winter(1988) Bad Seamstress Blues/Fallin' Apart at the Seams
73%
Still Climbing(1994) Still Climbing
73%
Long Cold Winter(1988) Coming Home
69%
Long Cold Winter(1988) Gypsy Road
69%
Night Songs(1986) Somebody Save Me
69%
Night Songs(1986) Nobody's Fool
65%
Night Songs(1986) Push, Push
62%
Night Songs(1986) Hell on Wheels
54%
Night Songs(1986) Back Home Again
50%
Long Cold Winter(1988) Fire and Ice
50%
Still Climbing(1994) Hot & Bothered
50%
Long Cold Winter(1988) Second Wind
50%
Long Cold Winter(1988) The Last Mile
50%
Night Songs(1986) In from the Outside
46%
Long Cold Winter(1988) Take Me Back
35%
Heartbreak Station(1990) Dead Man's Road
31%
Long Cold Winter(1988) If You Don't Like It
31%
Heartbreak Station(1990) The More Things Change
31%
Heartbreak Station(1990) Winds of Change
31%
Night Songs(1986) Nothin' for Nothin
27%
Night Songs(1986) Once Around the Ride
27%
Still Climbing(1994) Bad Attitude Shuffle
23%
Still Climbing(1994) Blood from a Stone
23%
Still Climbing(1994) Hard to Find the Words
23%
Heartbreak Station(1990) Love's Got Me Doin' Time
19%
Heartbreak Station(1990) One for Rock and Roll
19%
Heartbreak Station(1990) Sick for the Cure
19%
Still Climbing(1994) Through the Rain
19%
Still Climbing(1994) Freewheelin
15%
Heartbreak Station(1990) Love Gone Bad
15%
Once Upon A...(1997) War Stories
15%
Still Climbing(1994) All Comes Down
12%
Still Climbing(1994) Easy Come Easy Go
12%
Heartbreak Station(1990) Electric Love
12%
Heartbreak Station(1990) Make Your Own Way
12%
Non-Album(1998) Past Talk
12%
Still Climbing(1994) The Road's Still Long
12%
Still Climbing(1994) Talk Is Cheap
8%
No matching quizzes found
Score Distribution
Percent of People with Each Score
Percentile by Number Answered
Your Score History
You have not taken this quiz